| 000 | 01161nam a2200265Ia 4500 | ||
|---|---|---|---|
| 008 | 130821s2003 ck gr spa | ||
| 020 | _a9589719635 | ||
| 040 |
_aCo-BoUCM _bspa |
||
| 041 | 0 | 0 | _aspa |
| 110 | 1 | 0 |
_aNaciones Unidas. _bAlto Comisionado para los Derechos Humanos _9129373 |
| 245 | 1 | 0 |
_aCompilación de Derecho Penal Internacional el Estatuto de Roma y otros instrumentos de la Corte Penal Internacional _cNaciones Unidas. Alto Comisionado para los Derechos Humanos. Oficina en Colombia ; compilador Alejandro Valencia Villa |
| 260 |
_aBogotá (Colombia) _bOrganización de las Naciones Unidas _c2003 |
||
| 300 | _a394 páginas | ||
| 504 | _aIncluye bibliografía. | ||
| 610 |
_aCorte Penal Internacional _94164 |
||
| 630 |
_aEstatuto de Roma _95018 |
||
| 650 | 0 | 4 |
_aDelitos internacionales _zColombia _97489 |
| 650 | 0 | 4 |
_aDerecho internacional humanitario _zColombia _956556 |
| 650 | 0 | 4 |
_aDerecho internacional _912776 |
| 650 | 0 | 4 |
_aDerecho penal _912805 |
| 650 | 0 | 4 |
_aDerechos humanos _97499 |
| 700 | 1 |
_aValencia Villa, Alejandro _ecomp. _955568 |
|
| 942 |
_cLIBRO _a8 _e1 _mO686c _2DEWEY _h341.77 |
||
| 999 |
_c42362 _d42362 |
||